000 00453nam a22001697a 4500
003 NUST - PNEC
005 20170116180830.0
008 150730b xxu||||| |||| 00| 0 eng d
020 _a0070990670
040 _cLIBRARY
082 _a519.4 SCH
100 _94561
_aScheid, Francis
245 _aSchaum's outline of theory and problems of numerical analysis,
_cFrancis scheid
260 _cc1983.
650 _94563
_aNumerical
_xME
942 _2ddc
_cBK
999 _c63991
_d63991